XI Roku 2008 wg. Tygodnika "Piłka Nożna" (Europa) - Statystyki

Ogólne statystyki
  • Ten quiz został rozwiązany 261 razy
  • Średni wynik to 7 z 11
Statystyki odpowiedzi
Pozycja Kraj Klub Zawodnik % Poprawnych
BR Hiszpania Real Madryt Iker Casillas
98%
ŚP Hiszpania Barcelona Xavi Hernandez
93%
PS Portugalia Manchester United Cristiano Ronaldo
92%
ŚO Hiszpania Barcelona Carles Puyol
90%
ŚN Szwecja Inter Zlatan Ibrahimovic
90%
ŚO Anglia Chelsea John Terry
78%
ŚN Hiszpania Valencia David Villa
66%
LS Rosja Zenit Andriej Arszawin
38%
PO Portugalia Porto / Chelsea Jose Bosingwa
20%
LO Rosja CSKA Jurij Żirkow
17%
ŚPD Hiszpania Villarreal Marcos Senna
16%
Nie znaleziono quizów pasujących do podanych kryteriów
Rozkład punktacji
Procent ludzi z każdym wynikiem
Percentyl według liczby udzielonych odpowiedzi
Twoja historia wyników
Nie rozwiązałeś tego quizu